Statistics for Rugby Union Teams 2020-21

Click here to take the quiz!

General Stats

  • This quiz has been taken 18 times
  • The average score is 14 of 36

Answer Stats

CountryClub% Correct
IrelandMunster
81%
EnglandLondon Wasps
75%
EnglandBath
69%
IrelandLeinster
69%
FranceToulouse
69%
EnglandLeicester Tigers
63%
IrelandUlster
63%
FranceRacing 92
56%
FranceToulon
56%
EnglandBristol Bears
50%
ScotlandEdinburgh
50%
EnglandExeter Chiefs
50%
EnglandLondon Irish
50%
IrelandConnacht
44%
EnglandGloucester
44%
EnglandNorthampton Saints
44%
EnglandSale Sharks
44%
ScotlandGlasgow Warriors
38%
EnglandNewcastle Falcons
38%
WalesNewport Dragons
38%
FrancePau
38%
FranceMontpellier
31%
EnglandWorcester Warriors
31%
FranceLyon
25%
WalesScarlets
25%
ItalyZebre
25%
ItalyBenetton Treviso
19%
FranceBordeaux
19%
FranceClermont
19%
FranceLa Rochelle
19%
FranceBayonne
13%
FranceCastres
13%
FranceAgen
6%
FranceBrive
6%
FranceStade Francais
6%
WalesOpsreys
0%

Score Distribution

Percentile by Number Answered

Percent of People with Each Score

Your Score History

You have not taken this quiz